Loading...
| Auditory Arts | 3 | 20.00 | 100% | 100% | 0% |
| Beliefs | 7 | 14.29 | 86% | 43% | 14% |
| Current Events | 3 | 20.00 | 100% | 100% | 0% |
| Fine Arts - Other Arts | 1 | 20.00 | 100% | 100% | 0% |
| Geography | 1 | 10.00 | 100% | 0% | 0% |
| History - American History | 5 | 16.00 | 80% | 40% | 40% |
| History - Ancient History | 4 | 15.00 | 75% | 75% | 0% |
| History - European History | 3 | 23.33 | 100% | 100% | 33% |
| History - Other History | 2 | 20.00 | 100% | 100% | 0% |
| History - World History | 3 | 16.67 | 100% | 33% | 33% |
| Literature - American Literature | 6 | 16.67 | 100% | 50% | 17% |
| Literature - British Literature | 2 | 20.00 | 100% | 100% | 0% |
| Literature - European Literature | 3 | 13.33 | 100% | 33% | 0% |
| Literature - World Literature | 4 | 17.50 | 100% | 50% | 25% |
| Philosophy | 5 | 6.00 | 60% | 0% | 0% |
| Science - Biology | 2 | 15.00 | 100% | 50% | 0% |
| Science - Chemistry | 6 | 13.33 | 100% | 17% | 17% |
| Science - Other Science | 4 | 12.50 | 75% | 50% | 0% |
| Science - Physics | 4 | 5.00 | 50% | 0% | 0% |
| Social Science | 5 | 18.00 | 100% | 80% | 0% |
| Visual Arts | 5 | 16.00 | 100% | 40% | 20% |